Normal view
MARC view
- H. Versteeg
Entry Personal Name
001 - CONTROL NUMBER
- control field: 124075
003 - CONTROL NUMBER IDENTIFIER
- control field: NUST
005 - DATE AND TIME OF LATEST TRANSACTION
- control field: 20240704195455.0
008 - FIXED-LENGTH DATA ELEMENTS
- fixed length control field: 240704|| aca||aabn | a|a d
040 ## - CATALOGING SOURCE
- Original cataloging agency: NUST
- Transcribing agency: NUST
100 ## - HEADING--PERSONAL NAME
- Personal name: H. Versteeg
670 ## - SOURCE DATA FOUND
- Source citation: Work cat.: (NUST): H. Versteeg, An Introduction to computational Fluid Dynamics , 2018.
